01024nam a2200253 a 4500001000400000003001000004005001700014008004100031020001800072040002500090041001300115080002800128100002000156240004800176245021400224260003900438300003100477504003600508650003900544650007100583650005000654650003500704700003100739936BR-CuiBMT20231213125836.0231122s1997 rjba 001 0 por d a9788535201772 aBR-CuiBMTcBR-CuiBMT1 aporheng 22007a658:001.101x(52)1 aNonaka, Ikujiro04aThe knowledge-creating companylPortuguês10aCriação de conhecimento na empresa :bcomo as empresas japonesas geram a dinâmica da inovação /cIkujiro Nonaka, Hirotaka Takeuchi ; [tradução de Ana Beatriz Rodrigues, Priscila Martins Celeste]. aRio de Janeiro :bElsevier,c1997. axv, 358 p. :bil. ;c23 cm aInclui bibliografia e índice. aGestão do conhecimento zJapão aAdministração de empresasxPlanejamento estratégicozJapão aComunicação nas organizaçõeszJapão aDesenvolvimento organizacional1 aTakeuchi, Hirotaka,d1946-